000 01367nam a22002897a 4500
999 _c117600
_d117600
003 0
005 20181111145821.0
008 0
010 _aA-932881
020 _c200.00
_a8186869042
035 _aA-932881
037 _bCen Lib/Ret
040 _aDPL
_bHN
_c0
082 _a
_bजोशीदि
100 _aजोशी, दिनकर
_9115593
245 _aउजाले की परछाई :
_cदिनकर जोशी ; अनुवादक सूरज प्रकाश
_bगुजराती उपन्यास प्रकाशनों पदछायो का हिंदी अनुवाद /
246 _aUjaale ki parchyi : gujarati upanyas prakashano padchayo ka hindi anuvad /
_bDinkar Joshi ; anuvadak Sooraj Prakash
260 _aमुंबई
_bपरिदृश्य प्रकाशन
_c1997
270 _bमुंबई
_e400002
_a6, दादी संतुक लेन, धोबी तालाब
300 _a274p.
_c19से.मी. (सजिल्द)
650 _aसाहित्य--कहानियां
_91200
650 _aगुजराती--कहानियां
_91200
650 _aLiterature--Stories
_9115594
650 _aGujarati--stories
_975650
700 _aप्रकाश, सूरज
_9115595
942 _2ddc
_cHN
_h
_mजोशीदि